Biochemistry of differentiation

Uloženo v:
Podrobná bibliografie
Hlavní autor: Pasternak, Charles A. (Autor)
Médium: Kniha
Jazyk:angličtina
Vydáno: Londres Wilwy-Interscience 1970
Témata:
Tagy: Přidat tag
Žádné tagy, Buďte první, kdo vytvoří štítek k tomuto záznamu!

MARC

LEADER 00000nam a2200000 a 4500
001 UCR5307
003 CL-VaPUC
008 980327e19700000UK |||||||||||||||||eng|d
082 0 4 |a 572  |b PAS  |2 21 
100 |a Pasternak, Charles A.  |e author  |9 406062 
245 1 0 |a Biochemistry of differentiation 
300 |a 189 p 
942 |c BK 
945 |d 19980327 00:00:00  |a crobeson 
260 |a Londres  |b Wilwy-Interscience  |c 1970 
650 0 |a Bioquímica   |9 259492 
650 0 |a Diferenciación  |9 373490 
650 7 |a FENOMENOS BIOQUIMICOS  |2 CL-VaPUC  |9 360969 
650 0 |a Microorganismos  |9 264259 
650 0 |a Plantas  |9 264555 
650 0 |a Aves  |9 262192 
650 7 |a MAMIFEROS  |2 CL-VaPUC  |9 266111 
650 7 |a HORMONAS  |2 CL-VaPUC  |9 269554 
650 0 |a Vitaminas  |9 343802 
650 0 |a Cáncer  |9 315942 
583 |a last modification  |c 19980327 00:00:00  |k Rodrigo Vera 
999 |c 267922  |d 267920 
952 |0 0  |1 0  |4 0  |6 572_000000000000000_PAS_1970  |7 0  |8 A  |9 300756  |a BIBALI  |b BIBALI  |c GEN  |d 2019-11-20  |i 1969994  |o 572 PAS 1970  |p 1969994  |r 2025-01-20  |w 2019-11-20  |y BK  |k ALI